| 000 | 00894nam a2200217 4500 | ||
|---|---|---|---|
| 001 | 84967 | ||
| 003 | BD-RjUL | ||
| 005 | 20250521113844.0 | ||
| 008 | 250521s1981 ii ||||| |||| 00| 0 urd d | ||
| 035 | _a(BD-RjUL)84967 | ||
| 040 |
_aBD-RjUL _beng _cBD-RjUL |
||
| 041 | _aurd | ||
| 082 |
_223 _a891.55109 _bSAF 1981 |
||
| 100 |
_a Safa, Zabihullah; صفا، ذبیح اللہ ؛ _915626 |
||
| 245 |
_aفارسي نثرکی تاریخی ;; History of Persian Prose / _cذبیح اللہ صفا ؛ ترجمہ شریف حسین قاسمی ;; Zabihullah Safa; Translated by Sharif Hussain Qasmi |
||
| 260 |
_aDelhi : _bانڈو پردیش سوسائٹی ;; Indo Pradesh Society , _c1981 |
||
| 300 |
_a240 p. ; _c21 cm |
||
| 650 |
_aPersian prose _vHistory & Criticism _915627 |
||
| 700 |
_aTranslated by Qasmi, Sharif Hussain. ; ترجمہ قاسمی، شریف حسین _915628 |
||
| 942 |
_2ddc _cBK |
||
| 999 |
_c84967 _d84967 |
||